<?xml version="1.0" encoding="UTF-8"?>
<record
    xmlns:xsi="http://www.w3.org/2001/XMLSchema-instance"
    xsi:schemaLocation="http://www.loc.gov/MARC21/slim http://www.loc.gov/standards/marcxml/schema/MARC21slim.xsd"
    xmlns="http://www.loc.gov/MARC21/slim">

  <leader>00981cam a22003015a 4500</leader>
  <controlfield tag="001">15510783</controlfield>
  <controlfield tag="005">20170724113605.0</controlfield>
  <controlfield tag="008">081104s2008    enka   fr    f001 0 eng d</controlfield>
  <datafield tag="020" ind1=" " ind2=" ">
    <subfield code="a">9780199534395 (bk. &amp; CDs)</subfield>
  </datafield>
  <datafield tag="020" ind1=" " ind2=" ">
    <subfield code="a">9780198602958</subfield>
  </datafield>
  <datafield tag="040" ind1=" " ind2=" ">
    <subfield code="a">DLC</subfield>
    <subfield code="c">DLC</subfield>
    <subfield code="b">eng</subfield>
    <subfield code="d">EG-ScBUE</subfield>
  </datafield>
  <datafield tag="041" ind1="0" ind2=" ">
    <subfield code="a">eng</subfield>
    <subfield code="a">ger</subfield>
  </datafield>
  <datafield tag="082" ind1="0" ind2="4">
    <subfield code="a">438.2421</subfield>
    <subfield code="2">22</subfield>
    <subfield code="b">SCH</subfield>
  </datafield>
  <datafield tag="100" ind1="1" ind2=" ">
    <subfield code="a">Schommartz, Heike.</subfield>
  </datafield>
  <datafield tag="245" ind1="1" ind2="0">
    <subfield code="a">Oxford take off in German /</subfield>
    <subfield code="c">Heike Schommartz and Andrea Reitz.</subfield>
  </datafield>
  <datafield tag="246" ind1="3" ind2="0">
    <subfield code="a">Take off in German</subfield>
  </datafield>
  <datafield tag="250" ind1=" " ind2=" ">
    <subfield code="a">2nd ed.</subfield>
  </datafield>
  <datafield tag="260" ind1=" " ind2=" ">
    <subfield code="a">Oxford ;</subfield>
    <subfield code="a">New York :</subfield>
    <subfield code="b">Oxford University Press,</subfield>
    <subfield code="c">2008.</subfield>
  </datafield>
  <datafield tag="300" ind1=" " ind2=" ">
    <subfield code="a">viii, 248 p. :</subfield>
    <subfield code="b">ill. ;</subfield>
    <subfield code="c">20 cm. +</subfield>
    <subfield code="e">4 sound discs (digital ; 4 3/4 in.)</subfield>
  </datafield>
  <datafield tag="500" ind1=" " ind2=" ">
    <subfield code="a">Book and 4 CDs issued in container.</subfield>
  </datafield>
  <datafield tag="500" ind1=" " ind2=" ">
    <subfield code="a">Includes index.</subfield>
  </datafield>
  <datafield tag="650" ind1=" " ind2="7">
    <subfield code="a">German language</subfield>
    <subfield code="x">Grammar.</subfield>
    <subfield code="2">BUEsh</subfield>
  </datafield>
  <datafield tag="650" ind1=" " ind2="7">
    <subfield code="a">German language</subfield>
    <subfield code="v">Textbooks for foreign speakers</subfield>
    <subfield code="x">English.</subfield>
    <subfield code="2">BUEsh</subfield>
  </datafield>
  <datafield tag="651" ind1=" " ind2=" ">
    <subfield code="2">BUEsh</subfield>
  </datafield>
  <datafield tag="653" ind1=" " ind2=" ">
    <subfield code="b">HHUUEENN</subfield>
    <subfield code="c">July2017</subfield>
  </datafield>
  <datafield tag="700" ind1="1" ind2=" ">
    <subfield code="a">Reitz, Andrea.</subfield>
  </datafield>
  <datafield tag="942" ind1=" " ind2=" ">
    <subfield code="2">ddc</subfield>
  </datafield>
  <datafield tag="999" ind1=" " ind2=" ">
    <subfield code="c">25062</subfield>
    <subfield code="d">25034</subfield>
  </datafield>
  <datafield tag="952" ind1=" " ind2=" ">
    <subfield code="0">0</subfield>
    <subfield code="1">0</subfield>
    <subfield code="2">ddc</subfield>
    <subfield code="4">0</subfield>
    <subfield code="7">0</subfield>
    <subfield code="8">Academic</subfield>
    <subfield code="a">MAIN</subfield>
    <subfield code="b">MAIN</subfield>
    <subfield code="c">2ND</subfield>
    <subfield code="d">2017-07-24</subfield>
    <subfield code="e">Purchase</subfield>
    <subfield code="g">216.00</subfield>
    <subfield code="h">1842</subfield>
    <subfield code="l">5</subfield>
    <subfield code="m">73</subfield>
    <subfield code="o">438.2421 SCH</subfield>
    <subfield code="p">000042004</subfield>
    <subfield code="r">2025-10-02 00:00:00</subfield>
    <subfield code="s">2025-03-10</subfield>
    <subfield code="v">432.50</subfield>
    <subfield code="y">BB</subfield>
  </datafield>
  <datafield tag="952" ind1=" " ind2=" ">
    <subfield code="0">0</subfield>
    <subfield code="1">0</subfield>
    <subfield code="2">ddc</subfield>
    <subfield code="4">0</subfield>
    <subfield code="7">0</subfield>
    <subfield code="8">Academic</subfield>
    <subfield code="a">MAIN</subfield>
    <subfield code="b">MAIN</subfield>
    <subfield code="c">2ND</subfield>
    <subfield code="d">2017-07-24</subfield>
    <subfield code="e">Purchase</subfield>
    <subfield code="g">216.00</subfield>
    <subfield code="h">1842</subfield>
    <subfield code="l">0</subfield>
    <subfield code="o">438.2421 SCH</subfield>
    <subfield code="p">000042005</subfield>
    <subfield code="r">2022-08-24 00:00:00</subfield>
    <subfield code="v">432.50</subfield>
    <subfield code="y">CDVDWBB</subfield>
    <subfield code="z">CD 1</subfield>
  </datafield>
  <datafield tag="952" ind1=" " ind2=" ">
    <subfield code="0">0</subfield>
    <subfield code="1">0</subfield>
    <subfield code="2">ddc</subfield>
    <subfield code="4">0</subfield>
    <subfield code="7">0</subfield>
    <subfield code="8">Academic</subfield>
    <subfield code="a">MAIN</subfield>
    <subfield code="b">MAIN</subfield>
    <subfield code="c">2ND</subfield>
    <subfield code="d">2017-07-24</subfield>
    <subfield code="e">Purchase</subfield>
    <subfield code="g">216.00</subfield>
    <subfield code="h">1842</subfield>
    <subfield code="l">0</subfield>
    <subfield code="o">438.2421 SCH</subfield>
    <subfield code="p">000042006</subfield>
    <subfield code="r">2022-08-24 00:00:00</subfield>
    <subfield code="v">432.50</subfield>
    <subfield code="y">CDVDWBB</subfield>
    <subfield code="z">CD 2</subfield>
  </datafield>
  <datafield tag="952" ind1=" " ind2=" ">
    <subfield code="0">0</subfield>
    <subfield code="1">0</subfield>
    <subfield code="2">ddc</subfield>
    <subfield code="4">0</subfield>
    <subfield code="7">0</subfield>
    <subfield code="8">Academic</subfield>
    <subfield code="a">MAIN</subfield>
    <subfield code="b">MAIN</subfield>
    <subfield code="c">2ND</subfield>
    <subfield code="d">2017-07-24</subfield>
    <subfield code="e">Purchase</subfield>
    <subfield code="g">216.00</subfield>
    <subfield code="h">1842</subfield>
    <subfield code="l">0</subfield>
    <subfield code="o">438.2421 SCH</subfield>
    <subfield code="p">000042007</subfield>
    <subfield code="r">2022-08-24 00:00:00</subfield>
    <subfield code="v">432.50</subfield>
    <subfield code="y">CDVDWBB</subfield>
    <subfield code="z">CD 3</subfield>
  </datafield>
  <datafield tag="952" ind1=" " ind2=" ">
    <subfield code="0">0</subfield>
    <subfield code="1">0</subfield>
    <subfield code="2">ddc</subfield>
    <subfield code="4">0</subfield>
    <subfield code="7">0</subfield>
    <subfield code="8">Academic</subfield>
    <subfield code="a">MAIN</subfield>
    <subfield code="b">MAIN</subfield>
    <subfield code="c">2ND</subfield>
    <subfield code="d">2017-07-24</subfield>
    <subfield code="e">Purchase</subfield>
    <subfield code="g">216.00</subfield>
    <subfield code="h">1842</subfield>
    <subfield code="l">0</subfield>
    <subfield code="o">438.2421 SCH</subfield>
    <subfield code="p">000042008</subfield>
    <subfield code="r">2022-08-24 00:00:00</subfield>
    <subfield code="v">432.50</subfield>
    <subfield code="y">CDVDWBB</subfield>
    <subfield code="z">CD 4</subfield>
  </datafield>
</record>
